000
00284nam a2200121Ia 4500
005
20251222142012.0
008
251222s9999||||xx |||||||||||||| ||spa||
082
_a
323.445/R84
100
_a
Rospigliosi, Fernando
245
0
_a
El Arte del EngaƱo:
250
_a
1ra.ed.
942
_c
LIB
999
_c
10366
_d
10366